Normal view
MARC view
- Frodo Baggins. Middle Earth (imaginary place). Friendship. Good vs. evil.
Entry Topical Term
001 - CONTROL NUMBER
- control field: 86560
003 - CONTROL NUMBER IDENTIFIER
- control field: OSt
005 - DATE AND TIME OF LATEST TRANSACTION
- control field: 20250819085517.0
008 - FIXED-LENGTH DATA ELEMENTS
- fixed length control field: 250819|| aca||aabn | a|a d
040 ## - CATALOGING SOURCE
- Original cataloging agency: OSt
- Transcribing agency: OSt
150 ## - HEADING--TOPICAL TERM
- Topical term or geographic name as entry element: Frodo Baggins. Middle Earth (imaginary place). Friendship. Good vs. evil.
- Form subdivision: Fiction
670 ## - SOURCE DATA FOUND
- Source citation: Work cat.: (OSt)49346: Tolkien, J. R.R 11653, The Lord of the rings:, 1994.